[Event "IECG CP.2006.Q.00018 email"]
[Site "IECG email"]
[Date "2008.01.15"]
[Round "?"]
[White "Candelario, Jose"]
[Black "Ertl, Lubos"]
[Result "0-1"]
[WhiteElo "1360"]
[BlackElo "2104"]
[PlyCount "58"]
[EventDate "2008.01.15"]
[EventType "tourn (corr)"]
[EventRounds "6"]
[SourceTitle "Corr 2024"]
[Source "ChessBase"]
[SourceDate "2023.10.19"]
[SourceVersion "1"]
[SourceVersionDate "2023.10.19"]
[SourceQuality "1"]

1. e4 c5 2. Nf3 Nc6 3. Nc3 e6 4. Bb5 Nge7 5. 0-0 a6 6. Bc4 b5 7. Be2 Qc7 8. d3 Ng6 9. Be3 Be7 10. Qd2 Bb7 11. h3 0-0 12. a3 Qd6 13. d4 cxd4 14. Nxd4 Nxd4 15. Bxd4 f5 16. f3 Bd8 17. Qe3 Bc7 18. e5 Nxe5 19. f4 Ng6 20. g3 e5 21. fxe5 Nxe5 22. Bxe5 Qxe5 23. Qxe5 Bxe5 24. Bf3 Bc6 25. Bxc6 dxc6 26. Kg2 g6 27. Rae1 Bxc3 28. bxc3 Rfe8 29. c4 Rad8 0-1

[Event "IECG CP.2006.Q.00018 email"]
[Site "IECG email"]
[Date "2008.01.15"]
[Round "?"]
[White "Ertl, Lubos"]
[Black "Rey, Manny"]
[Result "1/2-1/2"]
[WhiteElo "2104"]
[BlackElo "2333"]
[PlyCount "56"]
[EventDate "2008.01.15"]
[EventType "tourn (corr)"]
[EventRounds "6"]
[SourceTitle "Corr 2024"]
[Source "ChessBase"]
[SourceDate "2023.10.19"]
[SourceVersion "1"]
[SourceVersionDate "2023.10.19"]
[SourceQuality "1"]

1. e4 e6 2. d4 d5 3. Nc3 Nf6 4. e5 Nfd7 5. f4 c5 6. Nf3 cxd4 7. Nxd4 Bb4 8. Be2 Nc6 9. Be3 Qc7 10. Ndb5 Qb8 11. a3 Be7 12. 0-0 a6 13. Nd4 Qc7 14. Qd2 b5 15. Nf5 Bf8 16. Bf3 Bb7 17. Rfe1 0-0-0 18. Nd4 g5 19. Bxd5 gxf4 20. Bxc6 fxe3 21. Bxb7+ Qxb7 22. Qxe3 Rg8 23. g3 Nb6 24. b3 Bc5 25. Rad1 Nd5 26. Nxd5 Qxd5 27. c3 Qxb3 28. Qf3 Qxa3 1/2-1/2